000 00583nam a22002057a 4500
005 20251108164022.0
008 250721s1995 xx 000 0 ara d
082 1 4 _a892.11/عصي
100 1 _aعصيان، الحلم
245 1 0 _aمختارات من الشعر الآخر و آسيوي /
264 1 _aأبوظبي :
_bمنشورات المجمع الثقافي،
_c1995.
300 _a186ص
650 1 7 _aالشعر
650 1 7 _aالأدب
650 1 7 _aآسيا
650 1 7 _aإفريقيا
650 1 7 _aالأدب المترجم
942 _2ddc
_cBK
999 _c1573
_d1573